000 00813cam a22002773a 4500
001 20157
003 PGUSA
005 20140828083427.0
008 061221s2006||||xxu|||||s|||||000 1 eng d
040 _aPGUSA
_beng
042 _adc
050 4 _aPR
100 1 _aHichens, Robert,
_d1864-1950
245 1 4 _aThe Call of the Blood
_h[electronic resource] /
_cRobert Hichens
260 _bProject Gutenberg,
_c2006
506 _aPublic domain in the USA.
516 _aElectronic text
653 _aMan-woman relationships -- Fiction
653 _aMarried people -- Fiction
653 _aBritish -- Italy -- Fiction
653 _aSicily (Italy) -- Fiction
700 1 _aLowell, Orson,
_d1871-1956
830 0 _aProject Gutenberg
_v20157
856 4 0 _uhttp://www.gutenberg.org/ebooks/20157
942 _cEB
999 _c249412
_d249412